[Event "Central Asia-ch U20 Girls"]
[Site "Tashkent"]
[Date "2019.09.21"]
[Round "1"]
[White "Sardorova, Robiya"]
[Black "Abdusattorova, Bakhora"]
[Result "0-1"]
[WhiteElo "1530"]
[BlackElo "2109"]
[PlyCount "84"]
[EventDate "2019.09.21"]
[EventType "swiss"]
[EventRounds "9"]
[EventCountry "UZB"]
[SourceTitle "EXT 2020"]
[Source "ChessBase"]
[SourceDate "2019.10.17"]
[SourceVersion "1"]
[SourceVersionDate "2019.10.17"]
[SourceQuality "1"]

1. d4 Nf6 2. Nc3 d5 3. Bf4 e6 4. Nb5 Na6 5. e3 Bb4+ 6. c3 Be7 7. a4 0-0 8. Bd3 c6 9. Na3 Qb6 10. Qc2 c5 11. Nf3 Bd7 12. Ne5 Be8 13. 0-0 Rc8 14. Nb1 cxd4 15. a5 Qd8 16. exd4 Nb4 17. Qe2 Nxd3 18. Qxd3 Ne4 19. Nd2 Nd6 20. Rfe1 f6 21. Ng4 Bf7 22. h3 Qd7 23. Qe2 Nf5 24. Ne3 Nh4 25. Bg3 Ng6 26. h4 Bd6 27. Bxd6 Qxd6 28. Nf3 Nf4 29. Qb5 a6 30. Qf1 Bg6 31. Red1 Bh5 32. g4 Bg6 33. Ne1 h5 34. f3 hxg4 35. Nxg4 e5 36. Ne3 e4 37. Rd2 Rce8 38. N1c2 f5 39. Kh1 Bh5 40. fxe4 fxe4 41. Rf2 Ne2 42. Nf5 Rxf5 0-1